000 00377nam a2200145Ia 4500
008 220217s9999||||xx |||||||||||||| ||und||
020 _a0-07-008019-4
082 _a515.353 NRO
100 _aBronson, Richard
_91954
245 0 _aDifferential equations
250 _a2nd
260 _aSchaum's out line series
_bNew York
_c1994
300 _b0
650 _aMATHEMATICS
999 _c167850
_d167850